Summa conciliorum (Record no. 152980)
[ view plain ]
| 000 -LEADER | |
|---|---|
| campo de control de longitud fija | 01070nam a2200241 i 4500 |
| 001 - NÚMERO DE CONTROL | |
| campo de control | 152980 |
| 003 - IDENTIFICADOR DE NÚMERO DE CONTROL | |
| campo de control | ES-MaACL |
| 005 - FECHA Y HORA DE LA ÚLTIMA TRANSACCIÓN | |
| campo de control | 20250729085449.0 |
| 008 - DATOS DE LONGITUD FIJA--INFORMACIÓN GENERAL | |
| campo de control de longitud fija | 931025s1781 sp |||| | lat d |
| 040 ## - FUENTE DE CATALOGACIÓN | |
| Centro catalogador/agencia de origen | CARM |
| Lengua de catalogación | spa |
| Centro/agencia transcriptor | PAB |
| 100 1# - ENTRADA PRINCIPAL--NOMBRE DE PERSONA | |
| Nombre de persona | Carranza, Bartolomé de. |
| 9 (RLIN) | 35500 |
| 245 10 - MENCIÓN DEL TÍTULO | |
| Título | Summa conciliorum |
| Resto del título | : summorumque pontificum a Sancto Petro usque ad Julium Tertium ... / |
| Mención de responsabilidad, etc. | ab ... Fratre Bartholomaeo Carranza, Archiepiscopo Toletano ... Ordinis Praedicatorum, pridem collecta ; postea vero Francisci Syluii ... additionibus illustrata & aucta. |
| 260 ## - PUBLICACIÓN, DISTRIBUCIÓN, ETC. | |
| Lugar de publicación, distribución, etc. | [Matriti] : |
| Nombre del editor, distribuidor, etc. | ex typographia Petri Marin, |
| Fecha de publicación, distribución, etc. | 1781. |
| 300 ## - DESCRIPCIÓN FÍSICA | |
| Extensión | [16], 636 p. ; |
| Dimensiones | 4º. |
| 597 ## - NOTA DE DESCRIPCIÓN FÍSICA | |
| NOTA DE DESCRIPCIÓN FÍSICA | Sign.: §-2§4, A-Z4, 2A-2Z4, 3A-3Z4, 4A-4K4, 4L2. |
| 597 ## - NOTA DE DESCRIPCIÓN FÍSICA | |
| NOTA DE DESCRIPCIÓN FÍSICA | Port. con grab. xil. |
| 650 #4 - PUNTO DE ACCESO ADICIONAL DE MATERIA--TÉRMINO DE MATERIA | |
| Término de materia o nombre geográfico como elemento de entrada | Concilios y sínodos- |
| Subdivisión de forma | Comentarios. |
| 9 (RLIN) | 135804 |
| 650 07 - PUNTO DE ACCESO ADICIONAL DE MATERIA--TÉRMINO DE MATERIA | |
| Término de materia o nombre geográfico como elemento de entrada | Derecho canónico |
| Fuente del encabezamiento o término | embne |
| 9 (RLIN) | 11655 |
| 650 04 - PUNTO DE ACCESO ADICIONAL DE MATERIA--TÉRMINO DE MATERIA | |
| Término de materia o nombre geográfico como elemento de entrada | Papas. |
| 9 (RLIN) | 15815 |
| 700 1# - ENTRADA AGREGADA--NOMBRE PERSONAL | |
| Nombre de persona | Silvio, Francisco. |
| 9 (RLIN) | 132748 |
| 852 ## - LOCALIZACIÓN | |
| Ubicación | ES-MaACL |
| Número de control de estantería | R-810 |
| Nota libre | -- Enc. perg. con cierres |
| -- | -- Legado M. de la Fuente |
| Encuadernación | -- Olim: G-4795 |
| Estatus retirado | Estado de pérdida | Estado de daño | No para préstamo | Colección | Biblioteca de origen | Biblioteca actual | Ubicación en estantería | Fecha de adquisición | Fuente de adquisición | Total de préstamos | Signatura topográfica completa | Código de barras | Visto por última vez | Precio de reemplazo | Tipo de ítem Koha |
|---|---|---|---|---|---|---|---|---|---|---|---|---|---|---|---|
| Libros del s. XVIII | Biblioteca del Ateneo de Madrid | Biblioteca del Ateneo de Madrid | Depósito | 17/01/2008 | R-810 | 1159813 | 23/02/2023 | 23/02/2023 | Libro impreso antiguo |
